| 000 | 00425nam a22001817a 4500 | ||
|---|---|---|---|
| 003 | MPLRDC | ||
| 005 | 20220104113852.0 | ||
| 008 | 210129b ||||| |||| 00| 0 eng d | ||
| 082 | _a868.2 ZY | ||
| 100 | _a曾焰 | ||
| 245 |
_a风雨尘沙 _c |
||
| 250 | _a三版 | ||
| 260 |
_a _b时报文化出版事业有限 _c1984 |
||
| 300 | _b平 | ||
| 490 | _a时报书系. 391 | ||
| 650 | _a泰国文学 | ||
| 942 |
_cBK _o868.2 ZY |
||
| 999 |
_c2998 _d2988 |
||